000 00713cab a22002055a 4500
001 L151163
008 101005e20101002xxk 000 0 eng d
035 _a(Sirsi) u151163
041 0 _aeng
100 1 _aMaxwell, Estelle
245 0 0 _aFocus
_bauctions
260 _c2010
490 _aEstates Gazette
_v(1039) 2 October 2010, 73-87(11)
520 _aOverview of property auctions market region by region. Online auction bidding versus traditional property auctions. Identifies funding sources for investors wishing to buy property at auction as loan-to-value ratios remain high.
590 _aKA
651 4 _aUnited Kingdom
_y
690 _aAuctioneering
_96218
700 1 _aThame, David
942 _n0
999 _c82716
_d82716